| 000 | 03643cgm a2200769Ii 4500 | ||
|---|---|---|---|
| 001 | on1184059538 | ||
| 003 | OCoLC | ||
| 005 | 20211008132125.0 | ||
| 007 | vd cvaizq | ||
| 008 | 200817p20202018cau294 e vleng d | ||
| 040 |
_aTEFMT _beng _erda _cTEFMT _dTEF _dOCLCF _dGL4 _dIZ8 _dSDG _dTOH _dOCL _dOCLCO _dWACOL |
||
| 019 | _a1223542156 | ||
| 024 | 1 | _a014381129878 | |
| 028 | 4 | 2 |
_aAMC12987DVD _bAMC Studios |
| 035 |
_a(OCoLC)1184059538 _z(OCoLC)1223542156 |
||
| 037 |
_bMidwest Tape _nhttp://www.midwesttapes.com |
||
| 041 | 1 |
_aeng _peng _heng |
|
| 050 | 4 |
_aPN1995.9.H6 _b.E55 2020 |
|
| 082 | 0 | 4 |
_a791.43/6164 _223 |
| 092 |
_aDVD _b791 |
||
| 049 | _aWACL | ||
| 245 | 0 | 0 |
_aEli Roth's history of horror. _nSeason 1. |
| 246 | 3 |
_aEli Roth's history of horror. _nSeason one |
|
| 246 | 3 |
_aEli Roth's history of horror. _nFirst season |
|
| 246 | 3 |
_aEli Roth's history of horror. _n1st season |
|
| 246 | 3 | _aHistory of horror | |
| 264 | 1 |
_aChatsworth, CA : _bImage Entertainment, _c[2020] |
|
| 264 | 4 | _c�2020 | |
| 300 |
_a2 videodiscs (4 hr., 54 min.) : _bsound, color ; _c4 3/4 in. |
||
| 336 | _atwo-dimensional moving image | ||
| 337 | _avideo | ||
| 338 | _avideodisc | ||
| 344 |
_adigital _2rdatr |
||
| 344 |
_boptical _2rdarm |
||
| 344 | _hDolby Digitall 2.0 | ||
| 347 |
_avideo file _2rdaft |
||
| 347 | _bDVD video | ||
| 380 |
_aDocumentary television programs _2lcgft |
||
| 538 | _aDVD, wide screen; NTSC; Dolby Digital 2.0. | ||
| 546 | _aEnglish dialogue; English subtitles for the deaf and hard of hearing (SDH). | ||
| 500 | _aTitle from disc surface. | ||
| 511 | 1 | _aEli Roth, Stephen King, Quentin Tarantino, Rob Zombie. | |
| 500 | _aWide screen (1.78:1). | ||
| 500 | _aOriginally broadcast as individual episodes in 2018. | ||
| 521 | 8 | _aNot rated. | |
| 520 | _aAward-winning horror film director, writer, producer, and actor Eli Roth brings together the masters of horror, the storytellers, and stars who define the genre, to explore its biggest themes and reveal the inspirations and struggles behind its past and present. Each one-hour episode will take viewers on a chilling exploration of how horror has evolved through the years and examine the genre's impact on society as well as delving into how horror maintains its fan base. | ||
| 505 | 0 | _aDisc 1: Episodes 1-4 -- Disc 2: Episodes 5-7. | |
| 508 | _aSeries directed and written by Kurt Sayenga ; director, Eli Roth ; series cineatography by Bret Curry ; series music by Joseph Bishara. | ||
| 521 |
_aDVD _bAmazon |
||
| 650 | 0 |
_aHorror films _xHistory. _96428823 |
|
| 650 | 0 |
_aHorror tales _xHistory. _96428824 |
|
| 650 | 7 |
_aHorror films. _2fast _0(OCoLC)fst00960370 |
|
| 650 | 7 |
_aHorror tales. _2fast _0(OCoLC)fst00960387 |
|
| 655 | 7 |
_aNonfiction television programs. _2fast _0(OCoLC)fst01710270 _95674022 |
|
| 655 | 7 |
_aDocumentary television programs. _2fast _0(OCoLC)fst01710387 |
|
| 655 | 7 |
_aHistory. _2fast _0(OCoLC)fst01411628 _95675940 |
|
| 655 | 7 |
_aVideo recordings for the hearing impaired. _2fast _0(OCoLC)fst01710450 |
|
| 655 | 7 |
_aDocumentary television programs. _2lcgft _96429782 |
|
| 655 | 7 |
_aNonfiction television programs. _2lcgft _95674022 |
|
| 655 | 7 |
_aVideo recordings for the hearing impaired. _2lcgft _96429783 |
|
| 700 | 1 |
_aRoth, Eli, _d1972- _efilm director, _eon-screen participant. _95854746 |
|
| 700 | 1 |
_aKing, Stephen, _d1947- _eon-screen participant. |
|
| 700 | 1 |
_aTarantino, Quentin, _eon-screen participant. _941993 |
|
| 700 | 1 |
_aZombie, Rob, _d1965- _eon-screen participant. _96428827 |
|
| 710 | 2 |
_aImage Entertainment (Firm), _epublisher. _961178 |
|
| 994 |
_aC0 _bWACOL |
||
| 999 |
_c366013 _d366013 |
||